00599nam a22001697a 4500003000900000008004100009040007100050082002400121100002000145245002900165260004900194300002800243505011400271650001800385650001300403650001300416AR-CdUCM190507b ||||| |||| 00| 0 spa d aMUNICIPALIDAD PROVINCIAL DEL CUSCOcBIBLIOTECA MUNICIPAL DEL CUSCO 22ed.a982.05 /bS67 aSommi, Luis, V. aLa revolución del 90 / aBuenos Aires :bPueblos de América,c1957. a349 páginas ;c21 cm. aContenido : La sucesión presidencial del año 1886 -- La política de Juarez Celman -- La prosperidad ... aRevolución  aHistoria aSiglo XX